Nursing photobook: giving cardic care. / (Record no. 5753)
[ view plain ]
| 000 -LEADER | |
|---|---|
| fixed length control field | 00705nam a22001337a 4500 |
| 008 - FIXED-LENGTH DATA ELEMENTS--GENERAL INFORMATION | |
| fixed length control field | 150930b xxu||||| |||| 00| 0 eng d |
| 020 ## - INTERNATIONAL STANDARD BOOK NUMBER | |
| International Standard Book Number | 091673028 |
| 245 ## - TITLE STATEMENT | |
| Title | Nursing photobook: giving cardic care. / |
| 260 ## - PUBLICATION, DISTRIBUTION, ETC. | |
| Place of publication, distribution, etc. | Horsham: |
| Name of publisher, distributor, etc. | Eugene W. Jackson. |
| Date of publication, distribution, etc. | 1981. |
| 300 ## - PHYSICAL DESCRIPTION | |
| Extent | 160 p.: |
| Other physical details | ill (col); |
| Dimensions | 24cm. |
| 500 ## - GENERAL NOTE | |
| General note | Includes in index. |
| 505 ## - FORMATTED CONTENTS NOTE | |
| Formatted contents note | Contents:Introduction -- Cardiac assessment -- Cardiograhy -- Radiograhy -- Sonic tests -- Pulse wave tracings -- Invasive tests -- Cardiac monitors -- Emergency procedures -- Cardiac pacemakers -- Cardiac rehabilitation -- Appendices -- Nurses' guide to cardiac drugs -- Nurses' guide to EKG interpretations -- Nurses' to diagnostic blod work |
| 942 ## - ADDED ENTRY ELEMENTS (KOHA) | |
| Source of classification or shelving scheme | Library of Congress Classification |
| Koha item type | Books |
| Withdrawn status | Lost status | Source of classification or shelving scheme | Damaged status | Not for loan | Collection code | Home library | Current library | Shelving location | Date acquired | Total Checkouts | Full call number | Barcode | Date last seen | Copy number | Price effective from | Koha item type |
|---|---|---|---|---|---|---|---|---|---|---|---|---|---|---|---|---|
| Library of Congress Classification | Non-fiction | WISCONSIN INTERNATIONAL UNIVERSITY COLLEGE, GHANA - MAIN LIBRARY | WISCONSIN INTERNATIONAL UNIVERSITY COLLEGE, GHANA - MAIN LIBRARY | nursing | 30/09/2015 | RC674.G58 | NURS/65/15 | 30/09/2015 | 1 | 30/09/2015 | Books |
